Regionalisation, growth, and economic integration
Αποθηκεύτηκε σε:
| Άλλοι συγγραφείς: | |
|---|---|
| Μορφή: | Βιβλίο |
| Γλώσσα: | English |
| Δημοσίευση: |
New York : Physica-Verlag :
2007
|
| Σειρά: | Contributions to economics
|
| Θέματα: | |
| Ετικέτες: |
Προσθήκη ετικέτας
Δεν υπάρχουν, Καταχωρήστε ετικέτα πρώτοι!
|
MARC
| LEADER | 00000nam a2200000 i 4500 | ||
|---|---|---|---|
| 001 | 1/93403 | ||
| 008 | 080908s2007 eng d | ||
| 020 | |a 978-3-7908-1924-3 | ||
| 035 | |l 10099976 | ||
| 040 | |a GR-MY-UA |b gre |e aacr | ||
| 041 | 0 | |a eng | |
| 082 | 0 | |a 337.142 |2 (22) | |
| 245 | 1 | 0 | |a Regionalisation, growth, and economic integration / |c George Korres (ed.) |
| 260 | |a New York : |a Physica-Verlag : |c 2007 | ||
| 300 | |a xx, 308 σ.; |b εικ., 1 χάρτης; |c 24 εκ. | ||
| 490 | 1 | |a Contributions to economics | |
| 504 | |a Περιέχει βιβλιογραφικές παραπομπές και ευρετήριο | ||
| 650 | 0 | 0 | |a Regionalism |z European Union countries. |
| 650 | 0 | 0 | |a Regional economics. |
| 651 | 0 | |a European Union countries |x Economic integration. | |
| 700 | 1 | |4 edt |a Κορρές, Γεώργιος Μ. | |
| 830 | 0 | |a Contributions to economics | |
| 852 | |a INST |b LESVOS |e 20080908 |h 337.142 REG |p 005100043037 |q 005100043037 |t BK |y 0 | ||
| 901 | |a BIBL1-2008-3 | ||
| 909 | |a Λ |b 145641 | ||
| 922 | |a 1ΕΛΗ |b 200801 |c ΕΠΕΑΕΚ2/ΤΓ |d ΕΛΕΥΘΕΡΟΥΔΑΚΗΣ | ||
| 970 | |a ΚΑΡΑ |b ΓΙΑΣΕΜΗ |z 2008/09/08 | ||